000 00637nam a22001817a 4500
005 20241108170235.0
008 241108b |||||||| |||| 00| 0 eng d
020 _a9780321601100
050 _aQA76.9
_b.D26C66
100 _aConnolly, Thomas M.
245 _aDatabase Systems/
_ba practical approach to design, implementation & management; international edition
_cThomas M. Connolly & Carolyn E. Begg
250 _a5th Ed.
260 _aBoston
_bPearson Education International
_c2010
300 _a1293p. various pagings
_bill. some color
_c23cm
650 _2Database Systems
700 _aBegg, Carolyn
942 _2lcc
_cBK
_e5th Ed.
_n0
999 _c923
_d923